[Event "Sunway Formentera op 1st"]
[Site "Sant Ferran de ses Roques"]
[Date "2022.04.30"]
[Round "2"]
[White "Buiza Prieto, Eihartze"]
[Black "Vrolijk, Liam"]
[Result "1/2-1/2"]
[WhiteElo "2045"]
[BlackElo "2474"]
[PlyCount "102"]
[EventDate "2022.04.29"]
[EventType "swiss"]
[EventRounds "10"]
[EventCountry "ESP"]
[SourceTitle "CBM 208 Extra"]
[Source "ChessBase"]
[SourceDate "2022.07.31"]
[SourceVersion "1"]
[SourceVersionDate "2022.07.31"]
[SourceQuality "1"]

1. e4 c5 2. Nf3 e6 3. b3 b6 4. Bb2 Bb7 5. Nc3 Nf6 6. e5 Nd5 7. Nxd5 Bxd5 8. Be2 Be7 9. 0-0 0-0 10. c4 Bb7 11. d4 d5 12. exd6 Bxd6 13. Qc2 cxd4 14. Nxd4 Qh4 15. g3 Qh3 16. Bf3 Bxf3 17. Nxf3 Qg4 18. Kg2 Nc6 19. h3 Qg6 20. Qxg6 hxg6 21. Rfd1 Rfd8 22. Nd4 Ne7 23. Nb5 Bc5 24. Ba3 Bxa3 25. Nxa3 Nc6 26. Nc2 Kf8 27. Kf3 g5 28. Ke2 Ke7 29. Rh1 a6 30. h4 g4 31. Rhd1 Ne5 32. Rac1 f5 33. Nd4 Rac8 34. Ke3 Kf6 35. a3 Rc7 36. Ne2 Rcd7 37. Rxd7 Rxd7 38. Nd4 Rc7 39. Ne2 a5 40. a4 Nd7 41. Nf4 Nc5 42. Rb1 Rd7 43. b4 Nxa4 44. bxa5 bxa5 45. Rb5 Rc7 46. Rxa5 Rxc4 47. Nh5+ Kg6 48. Nf4+ Kh6 49. Re5 Nc5 50. Nxe6 Nxe6 51. Rxe6+ g6 1/2-1/2

[Event "Sitges Sunway op 8th"]
[Site "Sitges"]
[Date "2021.12.14"]
[Round "2"]
[White "Buiza Prieto, Eihartze"]
[Black "Iniyan, Panneerseluam"]
[Result "0-1"]
[WhiteElo "2086"]
[BlackElo "2555"]
[PlyCount "66"]
[EventDate "2021.12.13"]
[EventType "swiss"]
[EventRounds "10"]
[EventCountry "ESP"]
[SourceTitle "CBM 205 Extra"]
[Source "ChessBase"]
[SourceDate "2022.01.31"]
[SourceVersion "1"]
[SourceVersionDate "2022.01.31"]
[SourceQuality "1"]

1. e4 c5 2. Nf3 d6 3. Bb5+ Nd7 4. d4 cxd4 5. Qxd4 a6 6. Be2 Ngf6 7. 0-0 e5 8. Qe3 b5 9. c4 b4 10. a3 Bb7 11. Bd3 Nc5 12. Nbd2 a5 13. Bc2 Be7 14. Kh1 0-0 15. Ng1 Nfd7 16. Ne2 Bg5 17. f4 Bh6 18. Qg3 Kh8 19. fxe5 dxe5 20. Nf3 Bxc1 21. Raxc1 Qe7 22. Qg4 bxa3 23. bxa3 Bxe4 24. Bxe4 Nf6 25. Qf5 Ncxe4 26. Qxe5 Qxa3 27. Ned4 Nf2+ 28. Kg1 Nd3 29. Qe3 Rae8 30. Qg5 Ne4 31. Ra1 Qxa1 32. Rxa1 Nxg5 33. Nxg5 Re1+ 0-1

[Event "EU-ch U18 Girls 26th"]
[Site "Prague"]
[Date "2016.08.22"]
[Round "5"]
[White "Buiza Prieto, Eihartze"]
[Black "Verhoeff, Timardi"]
[Result "1/2-1/2"]
[WhiteElo "2085"]
[BlackElo "1870"]
[PlyCount "79"]
[EventDate "2016.08.18"]
[EventType "swiss"]
[EventRounds "9"]
[EventCountry "CZE"]
[SourceTitle "CBM 174 Extra"]
[Source "ChessBase"]
[SourceDate "2016.10.10"]
[SourceVersion "1"]
[SourceVersionDate "2016.10.10"]
[SourceQuality "1"]

1. e4 c6 2. d4 d5 3. Nc3 dxe4 4. Nxe4 Bf5 5. Ng3 Bg6 6. Bc4 e6 7. N1e2 Bd6 8. 0-0 Qc7 9. f4 Ne7 10. Bd3 Bxd3 11. Qxd3 Nd7 12. Ne4 Ng6 13. Nxd6+ Qxd6 14. Ng3 f5 15. Bd2 Nf6 16. Rae1 0-0-0 17. c3 h5 18. Qc4 Rde8 19. b4 h4 20. Ne2 Ne4 21. Be3 h3 22. g3 Ne7 23. Bc1 b5 24. Qb3 Qd5 25. Qxd5 exd5 26. Rf3 Kb7 27. Kf1 Nc8 28. Ng1 Ncd6 29. Rd3 Nc4 30. Re2 Re6 31. Rc2 Nf6 32. Nf3 Rhe8 33. Ne5 Ne4 34. Rf3 Nf6 35. Rd3 Ra8 36. Rf3 Rae8 37. Rd3 Ra8 38. Rf3 Rh8 39. Ng6 Rhe8 40. Ne5 1/2-1/2

[Event "EU-ch U18 Girls 26th"]
[Site "Prague"]
[Date "2016.08.21"]
[Round "4"]
[White "Maric, Sara"]
[Black "Buiza Prieto, Eihartze"]
[Result "0-1"]
[WhiteElo "1829"]
[BlackElo "2085"]
[PlyCount "90"]
[EventDate "2016.08.18"]
[EventType "swiss"]
[EventRounds "9"]
[EventCountry "CZE"]
[SourceTitle "CBM 174 Extra"]
[Source "ChessBase"]
[SourceDate "2016.10.10"]
[SourceVersion "1"]
[SourceVersionDate "2016.10.10"]
[SourceQuality "1"]

1. d4 Nf6 2. c4 c5 3. d5 e6 4. Nc3 exd5 5. cxd5 Bd6 6. Nf3 Bc7 7. e3 0-0 8. Bc4 d6 9. 0-0 a6 10. a4 Re8 11. b3 Nbd7 12. Bb2 Rb8 13. Re1 Nf8 14. h3 Bd7 15. Qe2 Ng6 16. Nd2 Ba5 17. Red1 b5 18. axb5 Bxc3 19. Bxc3 axb5 20. Bd3 Nf4 21. Qf1 N4xd5 22. Nb1 Bc6 23. Bxf6 Qxf6 24. Na3 Nc3 25. Rdc1 d5 26. Nb1 b4 27. Ra5 Qd8 28. Ra1 d4 29. Nxc3 bxc3 30. Bc4 Bd5 31. exd4 cxd4 32. Rd1 Be4 33. Ra7 Rf8 34. Qe2 c2 35. Rda1 Qg5 36. Qxe4 c1Q+ 37. Rxc1 Qxc1+ 38. Kh2 Rbd8 39. Qf3 Qh6 40. Bxf7+ Kh8 41. Qg4 d3 42. b4 d2 43. Bb3 Qf4+ 44. Qxf4 Rxf4 45. f3 Rxb4 0-1

[Event "San Sebastian Gros op 26th"]
[Site "San Sebastian"]
[Date "2016.06.29"]
[Round "7"]
[White "Munoz Avila, Jose Luis"]
[Black "Buiza Prieto, Eihartze"]
[Result "1/2-1/2"]
[WhiteElo "2074"]
[BlackElo "2165"]
[PlyCount "56"]
[EventDate "2016.06.24"]
[EventType "swiss"]
[EventRounds "9"]
[EventCountry "ESP"]
[SourceTitle "EXT 2017"]
[Source "ChessBase"]
[SourceDate "2016.10.25"]
[SourceVersion "1"]
[SourceVersionDate "2016.10.25"]
[SourceQuality "1"]

1. Nf3 Nc6 2. d4 d5 3. g3 Bf5 4. Bg2 Nb4 5. Na3 c6 6. c3 Na6 7. 0-0 Nf6 8. Nc2 e6 9. Nce1 Be7 10. Nd3 0-0 11. Nh4 Bg6 12. Nxg6 hxg6 13. Bg5 Rc8 14. Bxf6 Bxf6 15. e4 dxe4 16. Bxe4 Qc7 17. Re1 c5 18. dxc5 Nxc5 19. Nxc5 Qxc5 20. Qb3 b6 21. Rad1 Rfd8 22. Kg2 Rxd1 23. Rxd1 Qc4 24. Qxc4 Rxc4 25. Kf3 Rc7 26. Ke3 g5 27. Rd6 Kf8 28. Rc6 Rxc6 1/2-1/2

[Event "Wch U16 Girls"]
[Site "Porto Carras"]
[Date "2015.11.01"]
[Round "7"]
[White "Sieber, Fiona"]
[Black "Buiza Prieto, Eihartze"]
[Result "1-0"]
[WhiteElo "2180"]
[BlackElo "2057"]
[PlyCount "85"]
[EventDate "2015.10.25"]
[EventType "swiss"]
[EventRounds "11"]
[EventCountry "GRE"]
[SourceTitle "CBM 169 Extra"]
[Source "ChessBase"]
[SourceDate "2015.12.18"]
[SourceVersion "1"]
[SourceVersionDate "2015.12.18"]
[SourceQuality "1"]

1. e4 c5 2. Nf3 d6 3. d4 cxd4 4. Nxd4 Nf6 5. Nc3 g6 6. Be3 Bg7 7. f3 0-0 8. Qd2 Nc6 9. g4 Bxg4 10. fxg4 Nxg4 11. Nxc6 bxc6 12. Bf4 Rb8 13. Be2 Ne5 14. Nd1 f5 15. exf5 Rxf5 16. 0-0 Qb6+ 17. Be3 Rxf1+ 18. Kxf1 Rf8+ 19. Kg1 Qb7 20. c3 Nf7 21. Nf2 d5 22. Rf1 Nd6 23. Bc5 Qc7 24. Bd3 e5 25. c4 e4 26. Bxd6 Qxd6 27. Bxe4 Be5 28. cxd5 Bxh2+ 29. Kh1 Bg3 30. Bg2 cxd5 31. Qxd5+ Qxd5 32. Bxd5+ Kg7 33. Kg2 Be5 34. Nd3 Bf6 35. Nc5 Rc8 36. b4 h5 37. Kh3 a5 38. Ne6+ Kf7 39. b5 Rc3+ 40. Kg2 Ke7 41. Nf4 Kd6 42. Bb3 Be5 43. Rd1+ 1-0

[Event "Wch U16 Girls"]
[Site "Porto Carras"]
[Date "2015.10.31"]
[Round "6"]
[White "Buiza Prieto, Eihartze"]
[Black "Georgescu, Lena"]
[Result "1-0"]
[WhiteElo "2057"]
[BlackElo "2014"]
[PlyCount "159"]
[EventDate "2015.10.25"]
[EventType "swiss"]
[EventRounds "11"]
[EventCountry "GRE"]
[SourceTitle "CBM 169 Extra"]
[Source "ChessBase"]
[SourceDate "2015.12.18"]
[SourceVersion "1"]
[SourceVersionDate "2015.12.18"]
[SourceQuality "1"]

1. e4 c5 2. Nf3 d6 3. d4 cxd4 4. Nxd4 Nf6 5. Nc3 Nc6 6. Bg5 e6 7. Qd2 a6 8. 0-0-0 Bd7 9. f4 b5 10. Bxf6 gxf6 11. Kb1 Qb6 12. Nxc6 Bxc6 13. f5 h5 14. fxe6 fxe6 15. Bd3 0-0-0 16. Ne2 Kb8 17. Rhf1 Bh6 18. Qc3 Bg5 19. Nd4 Bd7 20. Nf3 Rc8 21. Qe1 Bh6 22. Qh4 Bg7 23. e5 dxe5 24. Nxe5 fxe5 25. Rf7 Qd4 26. Qxd4 exd4 27. Rxd7 Be5 28. Re1 Bc7 29. Rxe6 Rce8 30. Rxe8+ Rxe8 31. a4 bxa4 32. Rxd4 Bxh2 33. Rh4 Bd6 34. Rxh5 Rg8 35. Rh6 Kc7 36. Be4 Rb8 37. Rh7+ Kd8 38. Ka2 Rb4 39. Bf5 Be5 40. c3 Rf4 41. g4 Rf2 42. Rd7+ Ke8 43. Rd3 Ke7 44. Re3 Kf6 45. Bd7 Rg2 46. Bc8 a5 47. Ka3 Bc7 48. Re4 Rg1 49. Kxa4 Ra1+ 50. Kb5 Rb1 51. Re2 Ra1 52. c4 Ra2 53. c5 a4 54. Kb4 Kg5 55. Be6 Ra1 56. Bd7 Ra2 57. Bxa4 Kxg4 58. Bc6 Kf4 59. Bd5 Ra1 60. Kb5 Be5 61. c6 Rb1 62. b4 Bd6 63. Re4+ Kf5 64. Rc4 Ke5 65. Bg2 Rb2 66. c7 Bxc7 67. Rxc7 Rxg2 68. Rc6 Kd5 69. Kb6 Rg8 70. b5 Rd8 71. Kb7 Rh8 72. b6 Rg8 73. Rc8 Rg1 74. Kb8 Kd6 75. b7 Kd7 76. Rc4 Ra1 77. Rd4+ Ke7 78. Kc7 Rc1+ 79. Kb6 Rb1+ 80. Kc6 1-0

[Event "ESP-ch 80th"]
[Site "Linares"]
[Date "2015.08.27"]
[Round "5"]
[White "Merario Alarcon, Andres"]
[Black "Buiza Prieto, Eihartze"]
[Result "1-0"]
[WhiteElo "2256"]
[BlackElo "2109"]
[PlyCount "57"]
[EventDate "2015.08.23"]
[EventType "swiss"]
[EventRounds "9"]
[EventCountry "ESP"]
[SourceTitle "EXT 2016"]
[Source "ChessBase"]
[SourceDate "2015.10.08"]
[SourceVersion "1"]
[SourceVersionDate "2015.10.08"]
[SourceQuality "1"]

1. e4 c5 2. Nf3 d6 3. d4 cxd4 4. Nxd4 Nf6 5. Nc3 g6 6. Bc4 Bg7 7. Be3 0-0 8. f3 Nc6 9. Qd2 Bd7 10. Bb3 Rb8 11. g4 Na5 12. h4 b5 13. h5 Nc4 14. Bxc4 bxc4 15. Bh6 Qa5 16. Bxg7 Kxg7 17. hxg6 fxg6 18. Qh6+ Kg8 19. g5 Rxb2 20. Nde2 Nh5 21. Rxh5 gxh5 22. g6 hxg6 23. Qxg6+ Kh8 24. Qh6+ Kg8 25. 0-0-0 Rf6 26. Rg1+ Bg4 27. Qe3 Qb6 28. Qg5+ Kf7 29. fxg4 1-0

[Event "ESP-ch 80th"]
[Site "Linares"]
[Date "2015.08.24"]
[Round "2"]
[White "Buiza Prieto, Eihartze"]
[Black "Suarez Garcia, Carlos"]
[Result "0-1"]
[WhiteElo "2109"]
[BlackElo "2408"]
[PlyCount "76"]
[EventDate "2015.08.23"]
[EventType "swiss"]
[EventRounds "9"]
[EventCountry "ESP"]
[SourceTitle "EXT 2016"]
[Source "ChessBase"]
[SourceDate "2015.10.08"]
[SourceVersion "1"]
[SourceVersionDate "2015.10.08"]
[SourceQuality "1"]

1. e4 c5 2. Nf3 e6 3. d4 cxd4 4. Nxd4 Nc6 5. Nc3 Qc7 6. Be2 a6 7. 0-0 Nf6 8. Be3 Bb4 9. Na4 Be7 10. c4 Nxe4 11. Bf3 Nf6 12. Rc1 d6 13. Nb6 Rb8 14. Nb5 Qd8 15. Nc3 0-0 16. Qb3 Ne5 17. Be2 Bd7 18. Rfd1 Qc7 19. a4 Bc6 20. a5 Ne4 21. Ncd5 Qd8 22. Nxe7+ Qxe7 23. Qa3 Rfd8 24. f3 Nf6 25. Rd2 Ng6 26. Rcd1 Ne8 27. Bf1 h5 28. Bd3 Nh4 29. Be2 Nf5 30. Bf2 Qg5 31. b4 Nc7 32. Qb3 d5 33. f4 Qxf4 34. Bxh5 Qg5 35. Qh3 dxc4 36. Nxc4 Rxd2 37. Rxd2 Nd5 38. Ne5 g6 0-1